| 000 | 00555nam a2200193Ia 4500 | ||
|---|---|---|---|
| 005 | 20250508160704.0 | ||
| 008 | 008 250505s9999 xx 000 0 eng d | ||
| 037 | _aTextual | ||
| 040 |
_aFEDL _beng _cFEDL |
||
| 041 |
_aeng _2eng |
||
| 084 |
_a330.04, LAN _qFEDL |
||
| 100 | _aLange Oskar | ||
| 245 | 0 | _aOn political economy and econometrics: Esseys in honour of oskar lange | |
| 260 |
_aOxford _bPergamon Press Ltd. _c1965 |
||
| 300 | _aviii,661p | ||
| 650 | _aEconomics | ||
| 942 |
_cTEXL _h330.04, LAN |
||
| 999 |
_c1366040 _d1366040 |
||